zpět

Detail výsledku týmu

U Frigosů, Čelákovice

Datum a čas kvízu

13.5 Celkem bodů Celkový počet nahraných bodů na tomto kvízu bez doplňovacích otázek.
5. Pořadí na kvízu Konečné umístění týmu na tomto kvízu.

Zaznamenané odpovědi

# Otázka Odpověď Body Výsledky
1. Na radnici městské části Brno-... o hlasovací zařízení 0
2. Výuka sexuální výchovy a osvět... Polsko 1
3. Ve čtvrtek měla v našich kinec... Ženská na vrcholu 0
4. I velké společnosti se posledn... Henkel 0
5. Obránce Kyle Walker se po zran... Manchester City 0
6. V období nadcházející zimy a v... rozpustné v tucích a rozpustné ve vodě 1
7. Za vitamíny se považují látky,... vitamín D (kalciferol) 1
8. Jedním z nejprodávanějších dop... morče 0
9. Vitamín B2 má v těle řadu funk... Riboflavin 0
10. Vitamín B3 se chemicky nazývá... nikotinová 0